| 000 | 01213nam a2200205 a 4500 | ||
|---|---|---|---|
| 005 | 20260322212020.0 | ||
| 008 | data | ||
| 090 | _aDVD 1012 | ||
| 245 | 0 | 4 |
_aThe Hunger Games : _bCatching Fire. _cedited by Jennifer Lawrence, Liam Hemsworth & Josh Hucherson. |
| 260 |
_aSanta Monica, CA : _bLionsgate, _c2013. |
||
| 300 |
_aDVD video 1 videodisc (approximately 146 min.) : sound, color ; _b4 3/4 in. |
||
| 500 | _aBased on the novel "Catching fire" by Suzanne Collins./ Originally released as a motion picture in 2013./ | ||
| 520 | _aKatniss Everdeen has returned home safe after winning the 74th Annual Hunger Games along with fellow tribute Peeta Mellark. Winning means that they must turn around and leave their family and close friends, embarking on a Victor's Tour of the districts. Along the way Katniss senses that a rebellion is simmering, but the Capitol is still very much in control as President Snow prepares the 75th Annual Hunger Games, The Quarter Quell, and announces a competition that could change Panem forever. | ||
| 650 | 0 | _aScience fiction films | |
| 650 | 0 | _aAction and adventure films | |
| 700 | 1 | _aLawrence, Jennifer | |
| 700 | 1 | _aHemsworth, Liam | |
| 700 | 1 | _aHucherson, Josh | |
| 001 | data | ||
| 999 |
_c451 _d451 |
||